🫶 Guess the Taylor Swift Song: 3 - Statistics

General Stats
  • This quiz has been taken 7 times
  • The average score is 393 of 500
Answer Stats
Answer % Correct
a
100%
and
100%
And
100%
at
100%
"But
100%
but
100%
But
100%
can
100%
'Cause
100%
don't
100%
ever
100%
For
100%
for
100%
havin'
100%
He
100%
he
100%
him"
100%
him
100%
his
100%
I
100%
if
100%
If
100%
in
100%
is
100%
it
100%
me
100%
Me
100%
my
100%
never
100%
No
100%
no
100%
not
100%
Not
100%
Now
100%
now
100%
of
100%
Of
100%
On
100%
right
100%
say
100%
see
100%
should
100%
Than
100%
the
100%
The
100%
Then
100%
these
100%
they
100%
They
100%
To
100%
to
100%
Too
100%
too
100%
up
100%
was
100%
We
100%
"What
100%
when
100%
Who
100%
with
100%
you
100%
You
100%
your
100%
all
83%
All
83%
around
83%
baby
83%
can't
83%
city
83%
Daddy
83%
does
83%
Even
83%
faces
83%
from
83%
girl
83%
god
83%
gotta
83%
had
83%
having
83%
heart
83%
her"
83%
how
83%
I'd
83%
I'll
83%
I'm
83%
i'm
83%
It's
83%
it's
83%
its
83%
just
83%
Just
83%
know
83%
like
83%
love
83%
oh
83%
one
83%
only
83%
out
83%
over
83%
Screamin'
83%
some
83%
something
83%
tell
83%
that
83%
their
83%
thing
83%
Thinkin'
83%
this
83%
want
83%
wanted
83%
were
83%
world
83%
above
67%
ain't
67%
alone
67%
are
67%
back
67%
beat
67%
best
67%
bitchin'
67%
boy
67%
burn
67%
came
67%
cater
67%
change
67%
chaos
67%
choice
67%
coming
67%
crazy
67%
door
67%
Down
67%
down
67%
dres
67%
dress
67%
forget
67%
good
67%
gray
67%
hall
67%
Hannahs
67%
hate
67%
heat
67%
he's
67%
horse
67%
into
67%
joy
67%
learned
67%
life
67%
listen
67%
lot
67%
loves
67%
mess"
67%
mine
67%
more
67%
most
67%
much
67%
parents
67%
people
67%
performing
67%
pray
67%
prey
67%
raised
67%
rather
67%
rise
67%
runnin'
67%
Sarahs
67%
second
67%
senses
67%
simple
67%
slammed
67%
sun
67%
tellin'
67%
things
67%
Time
67%
town
67%
try
67%
unbuttoned
67%
West
67%
what's
67%
whole
67%
wild
67%
won
67%
brings
50%
cage
50%
chemistry
50%
closer
50%
clothing
50%
come
50%
counteract
50%
destiny
50%
dressed
50%
'em
50%
empath's
50%
eyes
50%
fakest
50%
fences
50%
fuck
50%
fun
50%
funny
50%
give
50%
high
50%
holdin'
50%
lady
50%
lovers
50%
moaning
50%
name
50%
noise
50%
pride
50%
revelry
50%
save
50%
Scandal
50%
smiles
50%
sometimes
50%
still
50%
Sunday
50%
There's
50%
through
50%
touches
50%
vipers
50%
Went
50%
white
50%
Bedroom
33%
Bestow
33%
'bout
33%
creeps
33%
dancin'
33%
daughter
33%
disgrace
33%
doesn't
33%
elders
33%
Growin'
33%
growin'
33%
heard
33%
means
33%
moms
33%
plans
33%
Protested
33%
remedy
33%
Soon
33%
"Stay away
33%
tucked
33%
undo
33%
wedding
33%
wine
33%
woven
33%
braid
17%
Clutchin'
17%
convened
17%
died
17%
Dutiful
17%
enough
17%
floor
17%
Godsave
17%
judgemental
17%
knows
17%
laid
17%
Lord
17%
pearls
17%
precocious
17%
saboteurs
17%
Sanctimoniously
17%
screeching
17%
soliloquies
17%
Tendrils
17%
tires
17%
upon
17%
words
17%
perpective?
0%
singing
0%
ture
0%
No matching quizzes found
Score Distribution
Percent of People with Each Score
Percentile by Number Answered
Your Score History
You have not taken this quiz